000 01182nam a2200265 i 4500
001 77125
003 ES-MaACL
005 20251120142805.0
007 t|
008 041006s1913 sp ||||1| spa d
080 _a016:091
100 1 _aGutiérrez del Caño, Marcelino.
_961134
245 1 0 _aCatálogo de los manuscritos existentes en la Biblioteca Universitaria de Valencia /
_cpor el lic. D. Marcelino Gutiérrez del Caño ; prólogo del Excmo. Sr. D. Francisco Rodríguez Marín.
260 _aValencia :
_bLibrería Maraguat,
_c1913 (
_fImp. de Antonio López y Cª)
300 _a3 v. ;
_c31 cm.
530 _aDisponible en formato digital.
650 4 _aManuscritos-
_zUniversidad de Valencia. Biblioteca General e Histórica-
_vCatálogos.
_9157600
700 1 _aGutiérrez del Caño, Marcelino.
_961134
700 1 _aRodríguez Marín, Francisco,
_d1855-1943
_998634
710 2 _aUniversidad de Valencia.
_bBiblioteca.
_9157599
852 _aES-MaACL
_jB-11441-43
_cSPB
_zRevisado enlace: 27 de julio de 2025
856 4 _uhttp://bdh-rd.bne.es/viewer.vm?id=0000134147&page=1
_y(Biblioteca Digital Hispánica)
942 _2udc
999 _c77125
_d77125